Получение стеклоэмалевых покрытий с повышенными термомеханическими свойствами и исследование возможности применения электрофизических источников нагрева в технологии эмалирования: Диссертация на соискание ученой степени кандидата технических наук; Спец.05.17.11 - технология силикатных и тугоплавких неметаллических материалов

Λεπτομέρειες βιβλιογραφικής εγγραφής
Κύριος συγγραφέας: Отмахов В. И. Владимир Ильич
Συγγραφή απο Οργανισμό/Αρχή: Томский политехнический институт (ТПИ)
Άλλοι συγγραφείς: Панин В. Е. Виктор Евгеньевич (научный руководитель)
Γλώσσα:Ρωσικά
Έκδοση: Томск, Изд-во ТПИ, 1984
Θέματα:
Μορφή: Βιβλίο
KOHA link:https://koha.lib.tpu.ru/cgi-bin/koha/opac-detail.pl?biblionumber=156161

MARC

LEADER 00000nbm0a2200000 4500
001 156161
005 20231031152935.0
035 |a (RuTPU)RU\TPU\book\169362 
090 |a 156161 
100 |a 20090324d1984 k y0rusy50 ca 
101 0 |a rus 
102 |a RU 
105 |a a m 001zy 
200 1 |a Получение стеклоэмалевых покрытий с повышенными термомеханическими свойствами и исследование возможности применения электрофизических источников нагрева в технологии эмалирования  |e Диссертация на соискание ученой степени кандидата технических наук  |e Спец.05.17.11 - технология силикатных и тугоплавких неметаллических материалов  |f В. И. Отмахов  |g Томский политехнический институт (ТПИ) ; науч. рук. В. Е. Панин 
210 |a Томск  |c Изд-во ТПИ  |d 1984 
215 |a 179 л.  |c ил. 
320 |a Библиогр.: с. 155-170 (153назв.). 
610 1 |a химическая технология 
610 1 |a стекло 
610 1 |a стекловидные материалы 
610 1 |a стекловидные покрытия 
610 1 |a стеклоэмалевые покрытия 
610 1 |a стеклоэмалирование 
610 1 |a термомеханические свойства 
610 1 |a эмалирование 
610 1 |a эмалированное оборудование 
610 1 |a эмалированные аппараты 
610 1 |a нагрев 
610 1 |a электрофизические источники 
610 1 |a диссертации 
610 1 |a труды учёных ТПУ 
675 |a 666.29(04)  |v 3 
686 |a 05.17.11  |2 oksvnk 
700 1 |a Отмахов  |b В. И.  |g Владимир Ильич 
702 1 |a Панин  |b В. Е.  |c специалист в области физики и механики деформируемого твердого тела, физического материаловедения  |c доктор физико-математических наук, профессор Томского политехнического университета  |c зав. кафедрой материаловедения в машиностроении  |c директор Российского материаловедческого центра  |c научный руководитель института физики прочности и материаловедения СО РАН  |f 1930-  |g Виктор Евгеньевич  |2 stltpush  |3 (RuTPU)RU\TPU\pers\12102  |4 727 
712 0 2 |a Томский политехнический институт (ТПИ)  |c (1944-1991)  |2 stltpush  |3 (RuTPU)RU\TPU\col\1123 
801 1 |a RU  |b 63413507  |c 20090324  |g PSBO 
801 2 |a RU  |b 63413507  |c 20101024  |g RCR 
942 |c BK